[Event "Ä13Â "]
[Site "Loo"]
[Date "2017.04.20"]
[Round "1.27"]
[White "Òîêìàêîâà, Óëüÿíà."]
[Black "Ïàðñåãÿí, Êñåíèÿ."]
[Result "1/2-1/2"]
[WhiteElo "1315"]
[BlackElo "1558"]
[PlyCount "80"]
[EventDate "2017.04.20"]

1. Nf3 Nf6 2. b3 g6 3. Bb2 Bg7 4. g3 d6 5. Bg2 c6 6. O-O O-O 7. c4 Nbd7 8. d4
Re8 9. Nc3 e5 10. e3 Qc7 11. d5 cxd5 12. Nxd5 Nxd5 13. Qxd5 Nb6 14. Qd2 Bf5 15.
Rfd1 Rad8 16. Rac1 e4 17. Bxg7 Kxg7 18. Nd4 Bg4 19. Nb5 Qd7 20. Qd4+ Kg8 21.
Rd2 d5 22. Qf6 Qf5 23. Qxf5 Bxf5 24. Nxa7 dxc4 25. Rxd8 Rxd8 26. bxc4 Nxc4 27.
g4 Bxg4 28. Bxe4 Nd6 29. f3 Nxe4 30. fxg4 Kg7 31. Nb5 Kf6 32. Nd4 Ra8 33. Rb1
Rxa2 34. Rb6+ Kg5 35. Rxb7 Ra1+ 36. Kg2 Ra2+ 37. Kg1 Ra1+ 38. Kg2 Ra2+ 39. Kg1
Ra1+ 40. Kg2 Ra2+ 1/2-1/2

[Event "Ä13Â "]
[Site "Loo"]
[Date "2017.04.20"]
[Round "1.28"]
[White "Êðóïíîâà, Àííà."]
[Black "Ðàçóâàåâà, Åêàòåðèíà."]
[Result "1/2-1/2"]
[WhiteElo "1556"]
[BlackElo "1270"]
[PlyCount "130"]
[EventDate "2017.04.20"]

1. d4 d6 2. Nf3 Nf6 3. g3 g6 4. Bg2 Bg7 5. O-O O-O 6. c4 Bg4 7. Nc3 c6 8. h3
Bxf3 9. Bxf3 Qc7 10. e4 Nbd7 11. Be3 e5 12. Qd2 a6 13. Rac1 Rfe8 14. b4 exd4
15. Bxd4 c5 16. Nd5 Nxd5 17. cxd5 Ne5 18. Bg2 b6 19. f4 Nd7 20. Bxg7 Kxg7 21.
e5 dxe5 22. d6 Qd8 23. Bxa8 Qxa8 24. Rce1 cxb4 25. Qxb4 Qd5 26. a3 a5 27. Qa4
Qxd6 28. fxe5 Rxe5 29. Qf4 f6 30. Rd1 Qc5+ 31. Qd4 Qxd4+ 32. Rxd4 Nc5 33. Rd6
Re3 34. Kg2 Rxa3 35. Rxb6 f5 36. Rc1 Ne4 37. Rc7+ Kh6 38. Rbb7 Rxg3+ 39. Kh2
Kg5 40. Rxh7 a4 41. Ra7 a3 42. Ra4 Re3 43. Rha7 Re2+ 44. Kg1 Re1+ 45. Kg2 Re2+
46. Kf1 Ng3+ 47. Kg1 a2 48. Rxa2 Rxa2 49. Rxa2 Kh4 50. Kg2 f4 51. Ra4 g5 52.
Ra8 g4 53. Rh8+ Nh5 54. hxg4 Kxg4 55. Rg8+ Kf5 56. Kf3 Ng3 57. Rf8+ Ke5 58.
Rxf4 Nf5 59. Re4+ Kd5 60. Kf4 Nd6 61. Re2 Nc4 62. Kf5 Nd6+ 63. Kf6 Ne4+ 64. Ke7
Ke5 65. Kd7 Kd5 1/2-1/2

[Event "Ì11Ï "]
[Site "Loo"]
[Date "2017.04.20"]
[Round "1.1"]
[White "Ïàøèíèí, Ìàêñèì."]
[Black "Õàðêåâè÷, Ñòåïàí."]
[Result "0-1"]
[WhiteElo "1273"]
[BlackElo "1807"]
[PlyCount "106"]
[EventDate "2017.04.20"]

1. e4 c6 2. Nc3 d5 3. Nf3 Bg4 4. h3 Bxf3 5. Qxf3 e6 6. exd5 cxd5 7. d4 Nc6 8.
Bb5 Qb6 9. Bxc6+ bxc6 10. Qd3 Nf6 11. O-O Bd6 12. Na4 Qb5 13. Qxb5 cxb5 14. Nc5
Rc8 15. b4 Bxc5 16. dxc5 a5 17. a4 bxa4 18. Rxa4 axb4 19. Rxb4 Kd7 20. Be3 e5
21. c3 Rb8 22. Rfb1 Kc7 23. Kf1 Ne4 24. R1b3 Nxc3 25. Rxb8 Rxb8 26. Rxc3 d4 27.
Bxd4 exd4 28. Rc4 Rd8 29. Ke2 d3+ 30. Kd2 Kc6 31. Rc3 Rd5 32. Rxd3 Kxc5 33.
Rxd5+ Kxd5 34. Kd3 h6 35. g3 f5 36. f4 h5 37. h4 g6 38. Ke3 Kc4 39. Kf3 Kd3 40.
Kf2 Kd2 41. Kf3 Ke1 42. Kg2 Ke2 43. Kg1 Kf3 44. Kh2 Kf2 45. Kh3 Kg1 46. g4
hxg4+ 47. Kg3 Kf1 48. h5 gxh5 49. Kh2 Kf2 50. Kh1 h4 51. Kh2 g3+ 52. Kh3 g2 53.
Kxh4 g1=Q 0-1

[Event "Ì11Ï "]
[Site "Loo"]
[Date "2017.04.20"]
[Round "1.2"]
[White "×ûíäûãûð, Òàìåðëàí."]
[Black "Æåðäåâ, Ðàäîìèð."]
[Result "1-0"]
[WhiteElo "1720"]
[BlackElo "1272"]
[PlyCount "57"]
[EventDate "2017.04.20"]

1. d4 d5 2. c4 e6 3. Nf3 Nf6 4. e3 Bd6 5. b3 O-O 6. Bb2 c6 7. Nbd2 Nbd7 8. Bd3
Re8 9. Ne5 c5 10. O-O dxc4 11. bxc4 cxd4 12. exd4 Nxe5 13. dxe5 Bxe5 14. Bxh7+
Kxh7 15. Bxe5 Nd7 16. Bc3 e5 17. Ne4 Qh4 18. Qc2 b6 19. Nf6+ Kh8 20. Nxe8 Qxc4
21. Nd6 Qd5 22. Rad1 Qc6 23. Nxf7+ Kg8 24. Qb3 Kh7 25. Nxe5 Nxe5 26. Bxe5 Bb7
27. Qg3 Rg8 28. Rd6 Qc8 29. Qh4# 1-0

[Event "Ì11Ï "]
[Site "Loo"]
[Date "2017.04.20"]
[Round "1.3"]
[White "Ñåðãèåíêî, Èâàí."]
[Black "Ðàêèòèí, Äàíèèë."]
[Result "1/2-1/2"]
[WhiteElo "1259"]
[BlackElo "1663"]
[PlyCount "85"]
[EventDate "2017.04.20"]

1. e4 e6 2. d4 d5 3. e5 c5 4. c3 Nc6 5. Nf3 Qb6 6. a3 cxd4 7. cxd4 Nge7 8. b4
Bd7 9. Bb2 Nf5 10. Be2 Be7 11. O-O O-O 12. Qd3 f6 13. exf6 Bxf6 14. Rd1 a6 15.
Qd2 Qd8 16. Bd3 Ncxd4 17. Bxd4 Nxd4 18. Nxd4 Bxd4 19. Bxh7+ Kxh7 20. Qxd4 Qf6
21. Qxf6 Rxf6 22. Nc3 Raf8 23. f3 Rg8 24. Rac1 g5 25. h3 Rd8 26. Nxd5 exd5 27.
Rxd5 Rf7 28. Rc7 Kg6 29. Rd6+ Kf5 30. Rxb7 Ke5 31. Rxa6 Rc8 32. Ra5+ Kf4 33.
Rd5 Be6 34. Rxf7+ Bxf7 35. Rd4+ Kf5 36. Rd3 Kf4 37. Kh2 Rc2 38. Rd4+ Kf5 39.
Rd3 Bc4 40. Rd4 Bf1 41. Rg4 Be2 42. Kg1 Bb5 43. h4 1/2-1/2

[Event "Ì11Ï "]
[Site "Loo"]
[Date "2017.04.20"]
[Round "1.4"]
[White "Ìî÷àëîâ, Äìèòðèé."]
[Black "Áëèíîâ, Èâàí."]
[Result "1-0"]
[WhiteElo "1657"]
[BlackElo "1259"]
[PlyCount "63"]
[EventDate "2017.04.20"]

1. e4 e6 2. d4 d5 3. Nc3 Bb4 4. e5 c5 5. a3 Bxc3+ 6. bxc3 Qa5 7. Bd2 c4 8. Nf3
Nc6 9. Be2 Nge7 10. O-O O-O 11. Ne1 f6 12. f4 fxe5 13. fxe5 Rxf1+ 14. Bxf1 Bd7
15. Nf3 Rf8 16. Be2 Ng6 17. Ng5 h6 18. Nh3 Nce7 19. Bh5 Kh7 20. Qg4 Qb6 21.
Bxg6+ Nxg6 22. Qh5 Be8 23. Qg4 Qb2 24. Rc1 Qb6 25. Qe2 Rf5 26. Kh1 Ne7 27. g4
Rf8 28. g5 Bh5 29. Qxh5 Kg8 30. gxh6 gxh6 31. Rg1+ Kh7 32. Qxh6# 1-0

[Event "Ì11Ï "]
[Site "Loo"]
[Date "2017.04.20"]
[Round "1.5"]
[White "Çèìèí, Àðòóð."]
[Black "ßóðîâ, Åãîð."]
[Result "0-1"]
[WhiteElo "1255"]
[BlackElo "1587"]
[PlyCount "66"]
[EventDate "2017.04.20"]

1. d4 d5 2. Nc3 Nf6 3. Bg5 e6 4. e4 Be7 5. e5 Nfd7 6. Bxe7 Qxe7 7. a3 c5 8. Nb5
Kd8 9. Nd6 cxd4 10. f4 Nc6 11. Nf3 a6 12. Nxd4 Ndxe5 13. fxe5 Nxe5 14. Ne4 Bd7
15. Ng3 Rc8 16. c3 Kc7 17. Qb3 Qd6 18. Be2 Kb8 19. O-O f5 20. Ndxf5 exf5 21.
Nxf5 Bxf5 22. Rxf5 Ka7 23. Rd1 Rhd8 24. c4 d4 25. Bf3 Rd7 26. Bd5 Ng4 27. Rh5
Qf4 28. Be6 Qf2+ 29. Kh1 Ne3 30. Rg1 Rf8 31. Qd3 Rd6 32. Bh3 Rdf6 33. Qxd4+ Ka8
0-1

[Event "Ì11Ï "]
[Site "Loo"]
[Date "2017.04.20"]
[Round "1.6"]
[White "Ãîëîâà÷åâ, Ëåîíèä."]
[Black "Çàêèðîâ, Òèìóð."]
[Result "0-1"]
[WhiteElo "1587"]
[BlackElo "1253"]
[PlyCount "64"]
[EventDate "2017.04.20"]

1. e4 c5 2. b3 d6 3. Bb2 Nf6 4. Nc3 g6 5. f4 Bg7 6. Bb5+ Bd7 7. Bxd7+ Qxd7 8.
Nd5 O-O 9. Nxf6+ Bxf6 10. Bxf6 exf6 11. Nf3 Re8 12. d3 d5 13. e5 fxe5 14. fxe5
Nc6 15. O-O Nxe5 16. Qd2 Nxf3+ 17. Rxf3 Kg7 18. Rh3 h5 19. Qc3+ d4 20. Qxc5
Rac8 21. Qg5 Qg4 22. Qd5 Rxc2 23. Rf1 Re7 24. Rg3 Qh4 25. Rgf3 f5 26. Rf4 Qf6
27. Rxd4 Ree2 28. Qxb7+ Kh6 29. Ra4 Qg5 30. Rd1 Rxg2+ 31. Kf1 Rcf2+ 32. Ke1
Qe3# 0-1

[Event "Ì11Ï "]
[Site "Loo"]
[Date "2017.04.20"]
[Round "1.7"]
[White "Äåíèñîâ, Ìàòâåé."]
[Black "Êóçüìèíûõ, Íèêèòà."]
[Result "0-1"]
[WhiteElo "1252"]
[BlackElo "1585"]
[PlyCount "118"]
[EventDate "2017.04.20"]

1. e4 e5 2. Nf3 Nc6 3. d4 exd4 4. Nxd4 Nf6 5. Nc3 Bb4 6. Nxc6 bxc6 7. Bd3 O-O
8. O-O d5 9. exd5 cxd5 10. Bg5 c6 11. a3 Ba5 12. b4 Bb6 13. Ne2 Bg4 14. Qd2 Re8
15. Rfe1 Qd6 16. Bh4 c5 17. Bg3 Qc6 18. c3 cxb4 19. axb4 Bxe2 20. Rxe2 Rxe2 21.
Bxe2 Ne4 22. Qd3 Qxc3 23. Qxc3 Nxc3 24. Bf3 Rc8 25. Re1 h6 26. Bg4 Rd8 27. Bh4
f6 28. Be6+ Kf8 29. g4 Re8 30. Bg3 g6 31. Bd6+ Kg7 32. Kg2 Ne4 33. Bxd5 Nxd6
34. Rc1 Re5 35. Bf3 g5 36. Rd1 Ne4 37. Bxe4 Rxe4 38. Rd7+ Kg6 39. b5 Rxg4+ 40.
Kf1 Rf4 41. Rd2 Rxf2+ 42. Rxf2 Bxf2 43. Kxf2 Kf5 44. Kg3 h5 45. h3 Ke4 46. Kf2
f5 47. Ke2 f4 48. Kf2 g4 49. hxg4 hxg4 50. Ke2 g3 51. Kf1 f3 52. Ke1 f2+ 53.
Ke2 Kf4 54. Kd3 f1=Q+ 55. Kd2 g2 56. Kc2 g1=R 57. Kd2 Qf3 58. b6 Rg2+ 59. Ke1
Qe2# 0-1

[Event "Ì11Ï "]
[Site "Loo"]
[Date "2017.04.20"]
[Round "1.8"]
[White "Êè÷èí, Àëåêñàíäð."]
[Black "Áàáèêîâ, Àëåêñåé."]
[Result "1-0"]
[WhiteElo "1576"]
[BlackElo "1249"]
[PlyCount "75"]
[EventDate "2017.04.20"]

1. e4 e5 2. Nf3 Nc6 3. Bb5 Nd4 4. Nxd4 exd4 5. c3 c6 6. Bc4 d5 7. exd5 cxd5 8.
Bb5+ Bd7 9. Bxd7+ Qxd7 10. O-O Nf6 11. Re1+ Be7 12. Qe2 O-O 13. cxd4 Qc6 14. d3
Rfe8 15. Be3 Bb4 16. Nd2 Qe6 17. a3 Bd6 18. h3 Rac8 19. Nb3 Rc7 20. Qd2 Rce7
21. Kf1 Nh5 22. Qd1 Qg6 23. Qd2 Re6 24. Nc5 Bxc5 25. dxc5 d4 26. Bxd4 Rd8 27.
Rxe6 fxe6 28. Qe3 Nf4 29. Qxf4 Qxd3+ 30. Kg1 Rxd4 31. Qb8+ Rd8 32. Qxb7 a6 33.
c6 Qc4 34. c7 Rf8 35. Rd1 e5 36. Qd5+ Qxd5 37. Rxd5 Rc8 38. Rd8+ 1-0

[Event "Ì11Ï "]
[Site "Loo"]
[Date "2017.04.20"]
[Round "1.9"]
[White "Ìèíüêî, Àëåêñàíäð."]
[Black "Êðèâîâ, Íèêèòà."]
[Result "0-1"]
[WhiteElo "1247"]
[BlackElo "1573"]
[PlyCount "56"]
[EventDate "2017.04.20"]

1. e4 c6 2. d4 d5 3. exd5 cxd5 4. Bd3 Nc6 5. c3 Qc7 6. h3 g6 7. Nf3 Bf5 8. Be3
e6 9. Qc2 Bd6 10. Nbd2 Nge7 11. a3 O-O-O 12. Bxf5 gxf5 13. Bg5 Rdg8 14. O-O a6
15. c4 Nxd4 16. Nxd4 Rxg5 17. cxd5 Qxc2 18. Nxc2 Nxd5 19. Ne3 Nf4 20. h4 Rh5
21. g3 Ne2+ 22. Kg2 f4 23. g4 Rxh4 24. Nec4 Bc7 25. Rfe1 Nd4 26. Rac1 f3+ 27.
Kg1 Ne2+ 28. Kf1 Rh1# 0-1

[Event "Ì11Ï "]
[Site "Loo"]
[Date "2017.04.20"]
[Round "1.10"]
[White "Êî÷åòîâ, Âÿ÷åñëàâ."]
[Black "Ëåçèí, Àëåêñàíäð."]
[Result "1-0"]
[WhiteElo "1561"]
[BlackElo "1245"]
[PlyCount "77"]
[EventDate "2017.04.20"]

1. e4 d5 2. exd5 Nf6 3. Nf3 Nxd5 4. d4 e6 5. Be2 Bd6 6. O-O O-O 7. c4 Nf6 8.
Nc3 Nc6 9. h3 b6 10. Be3 Qe7 11. a3 a5 12. Qc2 Bb7 13. Nb5 Nd7 14. Nxd6 cxd6
15. Bd3 f5 16. Rfe1 h6 17. d5 Nce5 18. Nxe5 Nxe5 19. dxe6 Qxe6 20. Bf4 Qg6 21.
Bg3 Nxd3 22. Qxd3 Be4 23. Qxd6 Qxd6 24. Bxd6 Rfd8 25. Bc7 Rd2 26. Bxb6 Rxb2 27.
Be3 Rc2 28. Rec1 Rxc1+ 29. Rxc1 Rc8 30. c5 Kf7 31. f3 Ba8 32. Rd1 Rb8 33. Rd7+
Kf8 34. Bd4 g5 35. Rh7 Rb1+ 36. Kf2 Bd5 37. Rxh6 Rc1 38. Rf6+ Ke7 39. Rxf5 1-0

[Event "Ì11Ï "]
[Site "Loo"]
[Date "2017.04.20"]
[Round "1.11"]
[White "Ôåäîòîâ, Äàíèèë."]
[Black "Ä¸ìèíîâ, Èëüÿ."]
[Result "0-1"]
[WhiteElo "1240"]
[BlackElo "1554"]
[PlyCount "119"]
[EventDate "2017.04.20"]

1. c4 c6 2. Nf3 d5 3. e3 Nf6 4. Nc3 Bf5 5. Qb3 Qb6 6. Qa4 Nbd7 7. d4 e6 8. Be2
Be7 9. O-O O-O 10. Bd2 Rfd8 11. b4 Qxb4 12. cxd5 Qxa4 13. Nxa4 cxd5 14. Rac1
Rac8 15. Bb5 Ba3 16. Rc3 Rxc3 17. Nxc3 a6 18. Be2 Rc8 19. Nb1 Bd6 20. h3 h6 21.
g4 Bh7 22. g5 Ne4 23. Bd3 Nxg5 24. Bxh7+ Nxh7 25. Nc3 Nb6 26. Rb1 Nc4 27. Be1
b5 28. a4 b4 29. Na2 a5 30. Nd2 Ng5 31. Nb3 Nxh3+ 32. Kg2 Ng5 33. Rc1 Rc7 34.
f3 Nxe3+ 35. Kf2 Rxc1 36. Naxc1 Nc4 37. Ke2 Nh3 38. Nd3 Nf4+ 39. Nxf4 Bxf4 40.
Nc5 Kf8 41. Nb3 Bd6 42. Kf2 Bc7 43. Nc5 Bb6 44. Ke2 Bxc5 45. dxc5 Ke7 46. Kd3
Kd7 47. Bf2 Nb2+ 48. Kc2 Nxa4 49. Kb3 Nc3 50. Kc2 Kc6 51. Kb3 Kb5 52. Bd4 a4+
53. Kb2 Kc4 54. Bxg7 a3+ 55. Kc2 b3+ 56. Kd2 d4 57. Bxd4 Kxd4 58. f4 a2 59. c6
a1=Q 60. c7 0-1

[Event "Ì11Ï "]
[Site "Loo"]
[Date "2017.04.20"]
[Round "1.12"]
[White "Ïîíîìàð¸â, Àíäðåé."]
[Black "ßò÷åíêî, Ëåîíèä."]
[Result "0-1"]
[WhiteElo "1522"]
[BlackElo "1233"]
[PlyCount "114"]
[EventDate "2017.04.20"]

1. e4 e5 2. Nf3 Nc6 3. d4 exd4 4. Nxd4 Bc5 5. Be3 Qf6 6. c3 Nge7 7. Nc2 Bxe3 8.
Nxe3 d6 9. Bc4 Ne5 10. Bb3 Be6 11. Nd2 Nd3+ 12. Ke2 Nxf2 13. Ba4+ c6 14. Rf1
Nxd1 15. Rxf6 Nxe3 16. Rxe6 fxe6 17. Kxe3 Rf8 18. Nf3 Kd7 19. Rd1 h6 20. Bb3 c5
21. Ne5+ Kc7 22. Nd3 b5 23. Bxe6 Rf6 24. Bh3 g5 25. e5 dxe5 26. Nxc5 Kc6 27.
Nd7 Rd6 28. Nxe5+ Kc7 29. Rxd6 Kxd6 30. Nf7+ Kd5 31. Nxh6 Rf8 32. Bd7 a6 33.
Ng4 Kd6 34. Bxb5 Nd5+ 35. Ke2 Nf4+ 36. Kd2 axb5 37. g3 Nd5 38. Ke2 Ke6 39. Nf2
Kf5 40. h4 gxh4 41. gxh4 Rh8 42. a3 Rxh4 43. Nd1 Rh2+ 44. Kd3 Nf4+ 45. Kd4 Rd2+
46. Kc5 Rxd1 47. Kxb5 Ke6 48. c4 Kd7 49. b4 Kc7 50. a4 Rd6 51. a5 Kb7 52. Kc5
Kc7 53. Kb5 Nd3 54. Ka4 Nxb4 55. Kxb4 Kb7 56. Kb5 Ra6 57. c5 Rc6 0-1

[Event "Ì11Ï "]
[Site "Loo"]
[Date "2017.04.20"]
[Round "1.13"]
[White "Õàððàñîâ, Äìèòðèé."]
[Black "Ìàòâååâ, Àíäðåé."]
[Result "1-0"]
[WhiteElo "1232"]
[BlackElo "1512"]
[PlyCount "39"]
[EventDate "2017.04.20"]

1. e4 e5 2. f4 exf4 3. Nf3 g5 4. Bc4 Bg7 5. d4 g4 6. O-O gxf3 7. Qxf3 Bxd4+ 8.
Kh1 Qf6 9. Qh5 Be5 10. g3 b5 11. Bb3 Bb7 12. Nc3 Bxc3 13. Rxf4 Bxe4+ 14. Rxe4+
Kf8 15. Rf4 Qg6 16. Rxf7+ Ke8 17. Qe2+ Qe6 18. Bxe6 dxe6 19. Qxe6+ Kd8 20. Rf8#
1-0

[Event "Ì11Ï "]
[Site "Loo"]
[Date "2017.04.20"]
[Round "1.14"]
[White "Áóíèí, Ñåðàôèì."]
[Black "Åðåìèí, Èâàí."]
[Result "1-0"]
[WhiteElo "1502"]
[BlackElo "1227"]
[PlyCount "123"]
[EventDate "2017.04.20"]

1. Nf3 Nf6 2. g3 g6 3. Bg2 Bg7 4. d4 O-O 5. O-O d6 6. c4 Nbd7 7. Nc3 c6 8. b3
b6 9. Bb2 Bb7 10. Rb1 c5 11. d5 e6 12. dxe6 fxe6 13. Qxd6 Re8 14. Qd1 Qc7 15.
Nb5 Qb8 16. Qd6 Qd8 17. Qc7 Qc8 18. Qxc8 Rexc8 19. Nd6 Rc7 20. Nxb7 Rxb7 21.
Ng5 Rbb8 22. Bxa8 Rxa8 23. Rfd1 Nf8 24. Rd6 Re8 25. Rd3 h6 26. Nf3 N8d7 27.
Rbd1 Re7 28. Nh4 Kf7 29. Ng2 e5 30. Ne3 Nf8 31. Nd5 Nxd5 32. Rxd5 Nh7 33. Rd7
Ke6 34. R1d6+ Kf7 35. Rxe7+ Kxe7 36. Rxg6 Kf7 37. Rc6 Kg8 38. Rc8+ Nf8 39. Ra8
e4 40. Bxg7 Kxg7 41. Rxa7+ Kf6 42. Rb7 Ke5 43. Rxb6 h5 44. Rh6 Ne6 45. Rxe6+
Kxe6 46. Kf1 Kd6 47. Ke1 Ke6 48. a4 Kd7 49. f4 exf3 50. exf3 Kd6 51. f4 Kd7 52.
a5 Kc7 53. f5 Kc8 54. f6 Kd7 55. a6 Kc7 56. f7 h4 57. f8=Q h3 58. Qf6 Kd7 59.
a7 Kc7 60. a8=Q Kd7 61. Qb7+ Ke8 62. Qc8# 1-0

[Event "Ì11Ï "]
[Site "Loo"]
[Date "2017.04.20"]
[Round "1.15"]
[White "Ïðîæíÿêîâ, Âëàäèñëàâ."]
[Black "Æåëàíîâ, Ñåìåí."]
[Result "0-1"]
[WhiteElo "1227"]
[BlackElo "1502"]
[PlyCount "66"]
[EventDate "2017.04.20"]

1. e4 Nf6 2. Nc3 d5 3. f3 d4 4. Nce2 e5 5. d3 Nc6 6. Ng3 Bb4+ 7. Bd2 Bxd2+ 8.
Qxd2 O-O 9. N1e2 Be6 10. f4 Ng4 11. f5 Bd7 12. O-O-O f6 13. Re1 Be8 14. h3 Ne3
15. c3 Nxf1 16. Rhxf1 Bf7 17. c4 Qd6 18. Nh1 Rfb8 19. Rf3 b5 20. Rg3 Kh8 21.
Qc2 bxc4 22. dxc4 Nb4 23. Qb3 d3 24. Rd1 dxe2 25. Rxd6 e1=Q+ 26. Rd1 Qxe4 27.
Rg4 Qxf5 28. Ng3 Qe6 29. Nf1 Bh5 30. Qg3 Bxg4 31. Qxg4 Nxa2+ 32. Kb1 Qxg4 33.
hxg4 Nc3+ 0-1

[Event "Ì11Ï "]
[Site "Loo"]
[Date "2017.04.20"]
[Round "1.16"]
[White "Áîëäûðåâ, Ãëåá."]
[Black "Î÷èðîâ, Áàòîð."]
[Result "1-0"]
[WhiteElo "1500"]
[BlackElo "1221"]
[PlyCount "51"]
[EventDate "2017.04.20"]

1. e4 c5 2. Nf3 d6 3. d4 cxd4 4. Nxd4 Nf6 5. Nc3 a6 6. f3 e6 7. Be3 Nc6 8. Qd2
Qc7 9. O-O-O b5 10. g4 Ne5 11. g5 Nfd7 12. h4 Nc4 13. Bxc4 Qxc4 14. Kb1 Bb7 15.
Bf2 Rc8 16. Bg3 d5 17. exd5 exd5 18. Rhe1+ Be7 19. Nf5 b4 20. Nd6+ Kd8 21. Nxc4
bxc3 22. Qxc3 Rxc4 23. Qa5+ Kc8 24. Rxe7 d4 25. Rxd4 Rxd4 26. Qc7# 1-0

[Event "Ì11Ï "]
[Site "Loo"]
[Date "2017.04.20"]
[Round "1.17"]
[White "Îðëîâ, Ïîòàï."]
[Black "Ëåáçàê, ßðîñëàâ."]
[Result "0-1"]
[WhiteElo "1217"]
[BlackElo "1492"]
[PlyCount "76"]
[EventDate "2017.04.20"]

1. e4 c5 2. Ne2 e6 3. Nbc3 Nc6 4. g3 Nf6 5. Bg2 Be7 6. O-O O-O 7. d3 a6 8. f4
b5 9. a3 Bb7 10. Kh1 Rb8 11. Be3 d5 12. e5 Nd7 13. Bg1 Ba8 14. h3 a5 15. g4 b4
16. axb4 Rxb4 17. Na4 f6 18. f5 exf5 19. Bxd5+ Kh8 20. e6 Nb6 21. Nxb6 Rxb6 22.
c4 fxg4 23. hxg4 Rxb2 24. Nc3 Nd4 25. Bxa8 Qxa8+ 26. Nd5 Rfb8 27. Bxd4 cxd4 28.
Qf3 Qa7 29. g5 Rf8 30. Qh5 Rd2 31. Nf4 Kg8 32. g6 h6 33. Rxa5 Qc7 34. Rd5 Bd6
35. Qf5 Ra8 36. c5 Bxf4 37. Rxf4 Ra1+ 38. Rf1 Qh2# 0-1

[Event "Ì11Ï "]
[Site "Loo"]
[Date "2017.04.20"]
[Round "1.18"]
[White "Ðû÷èõèí, Âëàäèñëàâ."]
[Black "Ìåðöàëîâ, Ñåì¸í."]
[Result "1/2-1/2"]
[WhiteElo "1491"]
[BlackElo "1215"]
[PlyCount "147"]
[EventDate "2017.04.20"]

1. d4 d5 2. Nf3 Bf5 3. c4 e6 4. e3 Nf6 5. Nc3 Bb4 6. Be2 Ne4 7. Qb3 Bxc3+ 8.
bxc3 b6 9. Ba3 c5 10. cxd5 exd5 11. O-O O-O 12. Rfd1 c4 13. Qb2 Re8 14. Nd2 Qg5
15. Bf3 Nd7 16. Nxe4 Bxe4 17. Bxe4 Rxe4 18. Qe2 Nf6 19. Bd6 Nh5 20. Bg3 Rae8
21. Kf1 Nxg3+ 22. hxg3 Qf5 23. Qf3 Qg5 24. Ke2 g6 25. Kd2 Qe7 26. a4 a6 27.
Rdb1 Rb8 28. Rb4 Re6 29. Qxd5 Rf6 30. Ke2 a5 31. Rbb1 Rc8 32. Rb5 Rd6 33. Qe5
Re6 34. Qf4 Re4 35. Qf3 Re6 36. Kf1 Rf6 37. Qe2 Qc7 38. Kg1 Qe7 39. e4 Re6 40.
f3 f6 41. d5 Rd6 42. Qf2 Qe5 43. Qe1 Qe7 44. Rab1 Rb8 45. Rxa5 bxa5 46. Rxb8+
Kg7 47. Rb5 Ra6 48. f4 Qa3 49. Rb7+ Kg8 50. e5 Qc5+ 51. Kh2 Qxd5 52. Rb8+ Kg7
53. exf6+ Rxf6 54. Qe7+ Rf7 55. Qe5+ Qxe5 56. fxe5 Rd7 57. e6 Re7 58. Rb6 Kf6
59. Kh3 Rxe6 60. Rxe6+ Kxe6 61. Kg4 Ke5 62. Kf3 g5 63. Ke3 g4 64. Ke2 Ke4 65.
Kd2 h5 66. Ke2 Kf5 67. Kd1 Kg5 68. Kd2 h4 69. gxh4+ Kxh4 70. Ke2 Kg3 71. Kf1
Kf4 72. Kf2 g3+ 73. Ke2 Ke4 74. Kd2 1/2-1/2

[Event "Ì11Ï "]
[Site "Loo"]
[Date "2017.04.20"]
[Round "1.19"]
[White "Ïåòóõîâ, ßêîâ."]
[Black "Æîñàí, ßííèñ."]
[Result "0-1"]
[WhiteElo "1198"]
[BlackElo "1487"]
[PlyCount "46"]
[EventDate "2017.04.20"]

1. e4 c5 2. Nf3 e6 3. d4 cxd4 4. Nxd4 Nf6 5. Nc3 Bb4 6. Bg5 Qa5 7. Bd2 Qb6 8.
Nde2 Bc5 9. Be3 Bxe3 10. fxe3 Qxe3 11. Qd3 Qb6 12. Qc4 O-O 13. e5 d5 14. Qb5
Nfd7 15. Qxb6 Nxb6 16. Nd4 Bd7 17. Bd3 Nc6 18. Ndb5 Nxe5 19. Nd6 Bc6 20. O-O a6
21. Rfe1 Nxd3 22. cxd3 Rad8 23. Nxb7 Bxb7 0-1

[Event "Ì11Ï "]
[Site "Loo"]
[Date "2017.04.20"]
[Round "1.20"]
[White "Êîïûëîâ, Àðò¸ì."]
[Black "Ñòàðöåâ, Ìàêñèì."]
[Result "1/2-1/2"]
[WhiteElo "1481"]
[BlackElo "1196"]
[PlyCount "151"]
[EventDate "2017.04.20"]

1. Nf3 d5 2. d4 Nf6 3. c4 e6 4. g3 Be7 5. Bg2 O-O 6. O-O Nbd7 7. Nbd2 c6 8. Qc2
Re8 9. e4 dxe4 10. Nxe4 Nxe4 11. Qxe4 Nf6 12. Qc2 Bd7 13. Rd1 Rc8 14. b3 Qa5
15. Bb2 Red8 16. Ne5 Be8 17. Rd2 Bd6 18. Bc3 Qc7 19. Rad1 Bxe5 20. dxe5 Ng4 21.
Rd6 Nh6 22. Qd3 Rxd6 23. exd6 Qd7 24. Be4 f5 25. Bf3 Nf7 26. Qe3 c5 27. Re1
Qxd6 28. Qxe6 Qxe6 29. Rxe6 b6 30. Re7 a5 31. Rb7 Rd8 32. Bd5 Kf8 33. Rxb6 a4
34. b4 cxb4 35. Bxb4+ Kg8 36. Rb7 h6 37. Be7 Rc8 38. Bd6 Rd8 39. c5 g6 40. c6
Rxd6 41. c7 Bd7 42. Bxf7+ Kf8 43. Bc4 Rc6 44. Bb5 Rc1+ 45. Kg2 Bxb5 46. Rb8+
Kf7 47. c8=Q Rxc8 48. Rxc8 Kf6 49. Kf3 Kg5 50. h4+ Kf6 51. Ke3 g5 52. hxg5+
hxg5 53. Kd4 Ke6 54. Kc5 Bd7 55. Ra8 Ke5 56. Kb4 Ke4 57. Rd8 Bc6 58. Rd6 Bd5
59. Rxd5 Kxd5 60. Kxa4 Ke4 61. Kb4 Kf3 62. a4 Kxf2 63. a5 Kxg3 64. a6 f4 65. a7
f3 66. a8=Q f2 67. Qh1 Kf4 68. Qg2 Ke3 69. Qxg5+ Ke2 70. Qg2 Ke1 71. Qe4+ Kf1
72. Kc3 Kg1 73. Qg4+ Kh2 74. Qf3 Kg1 75. Qg3+ Kh1 76. Qh3+ 1/2-1/2

[Event "Ì11Ï "]
[Site "Loo"]
[Date "2017.04.20"]
[Round "1.21"]
[White "Çåëåíîâ, Òèìîôåé."]
[Black "ßðèêîâ, Àðòåì."]
[Result "0-1"]
[WhiteElo "1189"]
[BlackElo "1478"]
[PlyCount "100"]
[EventDate "2017.04.20"]

1. e4 c6 2. Nf3 d5 3. exd5 cxd5 4. d4 Bf5 5. Bb5+ Bd7 6. Qe2 a6 7. Bxd7+ Nxd7
8. O-O Ngf6 9. h3 e6 10. Nc3 Be7 11. Bg5 O-O 12. a3 h6 13. Bh4 Rc8 14. Rab1 Ne4
15. Nxe4 Bxh4 16. Nc3 Bf6 17. Qd3 Nb6 18. b3 Qc7 19. Ne2 Qxc2 20. Qxc2 Rxc2 21.
Nf4 Rfc8 22. Rfe1 Na8 23. Red1 Nc7 24. Rdc1 Nb5 25. Ne2 Rxc1+ 26. Rxc1 Rxc1+
27. Nxc1 Nxd4 28. Nxd4 Bxd4 29. Nd3 Kf8 30. Kf1 Ke7 31. Ke2 Kd6 32. f4 f6 33.
Kf3 e5 34. fxe5+ fxe5 35. Ke2 g5 36. g4 e4 37. Nb4 Bc5 38. Nc2 d4 39. Kd2 d3
40. Ne3 Bxe3+ 41. Kxe3 Kd5 42. a4 a5 43. Kd2 Kd4 44. Kd1 Kc3 45. Kc1 e3 46. Kd1
d2 47. Ke2 Kd4 48. Kd1 Kd3 49. b4 axb4 50. a5 e2# 0-1

[Event "Ì11Ï "]
[Site "Loo"]
[Date "2017.04.20"]
[Round "1.22"]
[White "Íàóìîâ, Àðòåì."]
[Black "Ãàíèåâ, Ðàõìàíæîí."]
[Result "1-0"]
[WhiteElo "1477"]
[BlackElo "1188"]
[PlyCount "61"]
[EventDate "2017.04.20"]

1. e4 c5 2. Nf3 d6 3. c3 Nf6 4. h3 g6 5. Bd3 Nc6 6. Bc2 Bg7 7. O-O Be6 8. d4
Bc4 9. Re1 cxd4 10. cxd4 O-O 11. a3 e6 12. Nc3 d5 13. e5 Nd7 14. Bg5 f6 15.
exf6 Bxf6 16. Bxf6 Qxf6 17. Qd2 Rfe8 18. Rad1 Re7 19. Qg5 Qxg5 20. Nxg5 Rae8
21. f4 a6 22. b3 Bb5 23. a4 Nb4 24. axb5 Nxc2 25. Re2 Nb4 26. bxa6 Nxa6 27.
Rde1 Nf8 28. Nxd5 Rd7 29. Nf6+ Kg7 30. Nxe8+ Kh8 31. Nxe6 1-0

[Event "Ì11Ï "]
[Site "Loo"]
[Date "2017.04.20"]
[Round "1.23"]
[White "Ãðèãîðÿí, Ðîìàí."]
[Black "Áàëàÿí, Ýäóàðä."]
[Result "0-1"]
[WhiteElo "1187"]
[BlackElo "1473"]
[PlyCount "60"]
[EventDate "2017.04.20"]

1. e4 c5 2. Nf3 e6 3. Bc4 Nc6 4. O-O g6 5. Nc3 Bg7 6. d3 Nge7 7. Be3 d5 8. Bxc5
dxc4 9. dxc4 Qxd1 10. Raxd1 Bxc3 11. bxc3 Bd7 12. Ng5 f6 13. Nf3 O-O-O 14. Nd4
e5 15. Nb5 Bg4 16. Nd6+ Kb8 17. f3 Be6 18. Rf2 Rd7 19. Rfd2 Rhd8 20. Kf2 Nc8
21. Ke1 Kc7 22. Nb5+ Kb8 23. Rxd7 Rxd7 24. Rxd7 Bxd7 25. Ke2 Be6 26. Kd3 Na5
27. Na3 Kc7 28. Nb5+ Kc6 29. Nxa7+ Kxc5 30. Nxc8 Bxc8 0-1

[Event "Ì11Ï "]
[Site "Loo"]
[Date "2017.04.20"]
[Round "1.24"]
[White "Àááàñîâ, Àçèç."]
[Black "Êàøèðñêèé, Ìèõàèë."]
[Result "1-0"]
[WhiteElo "1471"]
[BlackElo "1183"]
[PlyCount "121"]
[EventDate "2017.04.20"]

1. e4 e5 2. Nf3 Nc6 3. Bc4 Nf6 4. Ng5 d5 5. exd5 Na5 6. Bb5+ c6 7. dxc6 bxc6 8.
Qf3 e4 9. Nxe4 Qe7 10. Bd3 Nxe4 11. Qxe4 Qxe4+ 12. Bxe4 Ba6 13. d3 Rb8 14. Bd2
Nb7 15. Bxc6+ Kd8 16. Bxb7 Rxb7 17. Bc3 Bb4 18. b3 Bxc3+ 19. Nxc3 Rc7 20. Kd2
Kd7 21. Ne4 Rhc8 22. c4 f5 23. Ng3 f4 24. Ne4 Bb7 25. f3 Ke7 26. Kc3 Rd7 27.
Rhd1 Rg8 28. Re1 Kd8 29. Nc5 Rf7 30. Nxb7+ Rxb7 31. Re4 g5 32. d4 Rc7 33. Rae1
h5 34. b4 Rh8 35. c5 g4 36. Rxf4 Re7 37. Rxe7 Kxe7 38. d5 gxf3 39. Rxf3 Rg8 40.
d6+ Ke6 41. Kd4 h4 42. Re3+ Kf5 43. Re5+ Kg4 44. Kd5 Kf4 45. Re4+ Kf5 46. Rxh4
Re8 47. d7 Rd8 48. Kd6 Kg5 49. g3 Rf8 50. Ke7 Rg8 51. d8=Q Rxd8 52. Kxd8 a5 53.
c6 axb4 54. c7 b3 55. c8=Q bxa2 56. Qc5+ Kg6 57. Rg4+ Kf6 58. Qd6+ Kf5 59. Rf4+
Kg5 60. Qf6+ Kh5 61. Rh4# 1-0